书目信息 |
| 题名: |
杨廷宝全集
|
|
| 作者: | 杨廷宝 主编 ;杨廷宝, 著 | |
| 分册: | 六 手迹卷 | |
| 出版信息: | 北京 中国建筑工业出版社 2021.01 |
|
| 页数: | 313页 | |
| 开本: | 29cm | |
| 丛书名: | ||
| 单 册: | ||
| 中图分类: | TU-53 | |
| 科图分类: | ||
| 主题词: | 建筑师--jian zhu shi--中国--现代--全集 | |
| 电子资源: | ||
| ISBN: | 978-7-112-23837-8 | |
| 000 | 01114nam 2200289 450 | |
| 001 | 28794 | |
| 005 | 20221011093331.35 | |
| 010 | @a978-7-112-23837-8@b精装@dCNY98.00 | |
| 100 | @a20210804d2021 em y0chiy50 ea | |
| 101 | 0 | @achi |
| 102 | @aCN@b110000 | |
| 105 | @aa z 001yy | |
| 200 | 1 | @a杨廷宝全集@Ayang ting bao quan ji@f杨廷宝@Fyang ting bao@h六@i手迹卷 |
| 210 | @a北京@c中国建筑工业出版社@d2021.01 | |
| 215 | @a313页@c图@d29cm | |
| 300 | @a“十三五”国家重点图书出版规划项目 学术著作出版基金项目 | |
| 314 | @a书内题: 黎志涛主编 | |
| 320 | @a有索引 | |
| 330 | @a本书收录了杨廷宝先生主持、参与、指导的工程项目介绍、图纸和照片, 水彩素描作品, 大量的文章和讲话与报告等。该书主要内容包括: 墨宝寻觅 ; 信札集锦 ; 作业荟萃 ; 图纸拾掇等。 | |
| 517 | 1 | @a手迹卷@Ashou ji juan |
| 600 | 0 | @a杨廷宝,@Ayang ting bao@f1901-1982@j全集 |
| 606 | 0 | @a建筑师@Ajian zhu shi@y中国@z现代@j全集 |
| 690 | @aTU-53@v5 | |
| 701 | 0 | @a杨廷宝@Ayang ting bao@4主编@a黎志涛@Ali zhi tao@4主编 |
| 702 | 0 | @a杨廷宝,@Ayang ting bao@f1901-1982@4著 |
| 801 | 0 | @aCN@c20220910 |
| 905 | @a河南城建学院图书馆@dTU-53@eY280:6@f1 | |
| 杨廷宝全集/杨廷宝.六.手迹卷.-北京:中国建筑工业出版社,2021.01 |
| 313页:图;29cm |
| “十三五”国家重点图书出版规划项目 学术著作出版基金项目 |
| ISBN 978-7-112-23837-8(精装):CNY98.00 |
| 本书收录了杨廷宝先生主持、参与、指导的工程项目介绍、图纸和照片, 水彩素描作品, 大量的文章和讲话与报告等。该书主要内容包括: 墨宝寻觅 ; 信札集锦 ; 作业荟萃 ; 图纸拾掇等。 |
| ● |
| 相关链接 |
|
|
|
正题名:杨廷宝全集
索取号:TU-53/Y280:6
 
预约/预借
| 序号 | 登录号 | 条形码 | 馆藏地/架位号 | 状态 | 备注 |
| 1 | 1581948 | 215819489 | 建筑库101/101建筑库 13排2列5层/ [索取号:TU-53/Y280:6] | 在馆 |